000 00274nam a2200109Ia 4500
008 200302s9999 xx 000 0 und d
100 _aJohn Kirkby, & Other
245 _aSustainable Development
260 _bEarthScan Publications Ltd.
260 _c1999
300 _a371 P.,
999 _c5598
_d5598